000 00243nam a2200097Ia 4500
008 230915s9999 xx 000 0 und d
050 _aTS155.H372 2003
100 _aJAY HEIZER
245 0 _aOPERATIONS MANAGEMENT FLEXIBLE VERSION
942 _cBK
999 _c205704
_d205704